000
00267nam a22001217a 4500
008
170911b xxu||||| |||| 00| 0 eng d
041
_a
eng
080
_2
12 ED
_a
91
100
_a
42
101
_a
GEO
245
_a
PHYSICAL GEOLOGY
_c
KENNETH.W
942
_2
udc
_c
BK
999
_c
26983
_d
26983